LEADER 00994nam0-22003371i-450- 001 990004386720403321 005 20031103173054.0 010 $a84-7030-857-2 035 $a000438672 035 $aFED01000438672 035 $a(Aleph)000438672FED01 035 $a000438672 100 $a19990604d2001----km-y0itay50------ba 101 0 $aspa 102 $aES 105 $ay-------001yy 200 1 $aGuerra de ideas en el joven Unamuno (1880-1900)$fJean-Claude Rabaté$gprologo de José-Carlos Mainer 210 $aMadrid$cBiblioteca nueva$d2001 215 $a219 p.$d21 cm 225 1 $aEnsayos$v18 610 0 $aUnamuno, Miguel de 676 $a868.6209$v21$zita 700 1$aRabaté,$bJean-Claude$0389059 702 1$aMainer Baque,$bJose-Carlos$f<1944- > 801 0$aIT$bUNINA$gRICA$2UNIMARC 901 $aBK 912 $a990004386720403321 952 $aP.3 B 13960$fFLFBC 959 $aFLFBC 996 $aGuerra de ideas en el joven Unamuno (1880-1900$9542701 997 $aUNINA LEADER 01115nam a2200289 i 4500 001 991001011549707536 008 110112s2009 de b 001 0 eng 020 $a9783110220803 035 $ab13946419-39ule_inst 040 $aDip.to Filologia Class. e Scienze Filosofiche$bita 041 1 $aeng$agrc$hgrc 082 00$a186.1$222 100 1 $aClayman, Dee L.$0183622 245 10$aTimon of Phlius :$bPyrrhonism into poetry /$cby Dee L. Clayman 260 $aBerlin ;$aNew York :$bW. de Gruyter,$c2009 300 $aX, 261 p. ;$c24 cm 490 1 $aUntersuchungen zur antiken Literatur und Geschichte ;$v98 504 $aContiene riferimenti bibliografici. Indice 600 04$aTimone :$cdi Fliunte 600 04$aPirrone 650 04$aScetticismo$zGrecia antica 907 $a.b13946419$b06-04-11$c12-01-11 912 $a991001011549707536 945 $aLE007 880.1 Timon Philiasius CLA 01.501$g1$i2007000207734$lle007$nLE007 2011 Vox$op$pE102.76$q-$rl$s- $t0$u0$v0$w0$x0$y.i15251160$z06-04-11 996 $aTimon of Phlius$9251570 997 $aUNISALENTO 998 $ale007$b12-01-11$cm$da $e-$feng$gde $h0$i0